| 000 | 00476 a2200169 4500 | ||
|---|---|---|---|
| 005 | 20250620122547.0 | ||
| 020 | _a978-0-07-722893-4 | ||
| 082 | _a658.5 JAC | ||
| 100 | _aJACOBS, R. F | ||
| 245 | _aOperations and Supply Management | ||
| 250 | _a12th Ed. | ||
| 260 |
_aNew York _bMcGraw-Hill Irwin _c2009. |
||
| 300 |
_axix, 776p.: ill.; figures, tables, pictures _bAppendix, Index _c28cm |
||
| 700 | _aRichard B. Chase | ||
| 700 | _aNicholas J. Aquilano | ||
| 942 |
_2ddc _cBKS |
||
| 999 |
_c4527 _d4527 |
||